[Event "Costa Brava op 29th"]
[Site "Costa Brava"]
[Date "2016.11.19"]
[Round "7"]
[White "Vidal Palou, Jordi"]
[Black "Tardio Gemar, Francesc I"]
[Result "1-0"]
[WhiteElo "1727"]
[BlackElo "1450"]
[PlyCount "103"]
[EventDate "2016.09.24"]
[EventType "swiss"]
[EventRounds "9"]
[EventCountry "ESP"]
[SourceTitle "EXT 2018"]
[Source "ChessBase"]
[SourceDate "2017.10.13"]
[SourceVersion "1"]
[SourceVersionDate "2017.10.13"]
[SourceQuality "1"]

1. d4 d5 2. Nf3 Nf6 3. e3 Nc6 4. c3 Bg4 5. h3 Bh5 6. Bd3 e5 7. dxe5 Ne4 8. Be2 Qd7 9. Nbd2 0-0-0 10. 0-0 f6 11. Qa4 a6 12. Nxe4 dxe4 13. Qxe4 Re8 14. Rd1 Qe7 15. b4 Nxe5 16. Qf4 Nxf3+ 17. Bxf3 Bxf3 18. Qxf3 Qe5 19. Bb2 Bd6 20. Rab1 Rhf8 21. c4 Qe4 22. Qxe4 Rxe4 23. c5 Be7 24. Rd4 Rxd4 25. Bxd4 c6 26. a4 Rd8 27. b5 cxb5 28. axb5 Rd5 29. bxa6 bxa6 30. Rb6 Bxc5 31. Bxc5 Rxc5 32. Rxa6 Kb7 33. Re6 h5 34. Kf1 h4 35. Ke2 Rg5 36. Kf1 Kc7 37. Re4 Kd6 38. Rxh4 Rc5 39. Ke2 g5 40. Rd4+ Ke5 41. h4 Kf5 42. g4+ Kg6 43. h5+ Kh6 44. Rd6 Kg7 45. h6+ Kg6 46. h7 Kxh7 47. Rxf6 Kg7 48. Rf5 Rxf5 49. gxf5 Kf6 50. e4 Ke5 51. Kd3 g4 52. Ke3 1-0

[Event "Palafrugell Gelpi Memorial 28th"]
[Site "Palafrugell"]
[Date "2015.??.??"]
[Round "3"]
[White "Deulofeu Peramarch, Enric"]
[Black "Tardio Gemar, Francesc I"]
[Result "0-1"]
[WhiteElo "1797"]
[BlackElo "1705"]
[PlyCount "76"]
[EventDate "2015.09.26"]
[EventType "swiss"]
[EventRounds "9"]
[EventCountry "ESP"]
[SourceTitle "EXT 2017"]
[Source "ChessBase"]
[SourceDate "2016.10.25"]
[SourceVersion "1"]
[SourceVersionDate "2016.10.25"]
[SourceQuality "1"]

1. e4 e5 2. Nf3 d6 3. Bc4 Bg4 4. 0-0 Nc6 5. c3 Nf6 6. Re1 Be7 7. h3 Bh5 8. d4 Bxf3 9. Qxf3 exd4 10. Qg3 Nh5 11. Qg4 g6 12. Bh6 Ne5 13. Qe2 Bg5 14. Bxg5 Qxg5 15. g3 Nxg3 16. fxg3 Qxg3+ 17. Qg2 Nf3+ 18. Kh1 Qxe1+ 19. Bf1 Nh4 20. Qg1 Nf3 21. Bb5+ c6 22. Qxe1 Nxe1 23. Be2 Nc2 24. Bd3 Nxa1 25. cxd4 0-0 26. Kg1 Rae8 27. Kf1 f5 28. Nc3 d5 29. exd5 Re3 30. Bc4 Kg7 31. dxc6 bxc6 32. Kg2 Nc2 33. d5 cxd5 34. Nxd5 Re5 35. b4 Rd8 36. Nf4 Rd2+ 37. Kg3 h5 38. Nd5 Rexd5 0-1

[Event "Santa Eugenia op 10th"]
[Site "Santa Eugenia"]
[Date "2015.??.??"]
[Round "4"]
[White "Lamelas Hurtado, Antoni"]
[Black "Tardio Gemar, Francesc I"]
[Result "0-1"]
[WhiteElo "1700"]
[BlackElo "1727"]
[PlyCount "53"]
[EventDate "2015.04.17"]
[EventType "swiss"]
[EventRounds "9"]
[EventCountry "ESP"]
[SourceTitle "EXT 2016"]
[Source "ChessBase"]
[SourceDate "2015.10.08"]
[SourceVersion "1"]
[SourceVersionDate "2015.10.08"]
[SourceQuality "1"]

1. d4 d5 2. c4 Be6 3. cxd5 Qxd5 4. Nc3 Qa5 5. e3 Nd7 6. Bd3 g6 7. Nf3 Bg4 8. 0-0 Bg7 9. Be4 0-0-0 10. Qc2 e6 11. Bd2 Nb6 12. Na4 Qxa4 13. Qxa4 Nxa4 14. Ng5 Nh6 15. Rab1 Bf5 16. b3 Nb6 17. Ba5 Bf6 18. Bxf5 Bxg5 19. Bd3 e5 20. Bc3 Rhe8 21. Bb5 Re6 22. dxe5 f6 23. Bd4 fxe5 24. Bxb6 Rxb6 25. Be2 a6 26. Rfd1 Rbd6 27. h3 0-1

[Event "Santa Eugenia op 10th"]
[Site "Santa Eugenia"]
[Date "2015.??.??"]
[Round "6"]
[White "Serra Clavera, Jordi"]
[Black "Tardio Gemar, Francesc I"]
[Result "0-1"]
[WhiteElo "1685"]
[BlackElo "1727"]
[PlyCount "95"]
[EventDate "2015.04.17"]
[EventType "swiss"]
[EventRounds "9"]
[EventCountry "ESP"]
[SourceTitle "EXT 2016"]
[Source "ChessBase"]
[SourceDate "2015.10.08"]
[SourceVersion "1"]
[SourceVersionDate "2015.10.08"]
[SourceQuality "1"]

1. e4 e6 2. d4 c6 3. Nf3 Nf6 4. Nc3 Bb4 5. Bg5 h6 6. Bxf6 Qxf6 7. e5 Qe7 8. Rb1 0-0 9. a3 Bxc3+ 10. bxc3 Qxa3 11. Rb3 Qe7 12. Qb1 b5 13. c4 a6 14. Qa1 d6 15. cxb5 cxb5 16. Bxb5 Bd7 17. exd6 Qxd6 18. Bxd7 Nxd7 19. 0-0 Nf6 20. Rfb1 Nd5 21. c4 Nf4 22. Rb6 Qe7 23. Rxa6 Rad8 24. Qb2 Rd7 25. Qd2 Ng6 26. c5 e5 27. c6 Rd5 28. Rc1 Rc8 29. Rb6 e4 30. Rb7 Rc7 31. Rb8+ Kh7 32. Ne1 Qf6 33. f3 Rxd4 34. Qa5 Rxc6 35. Rxc6 Qxc6 36. Qf5 Qc3 37. Kf1 Qc4+ 38. Kf2 Rd2+ 39. Kg3 Qc7+ 40. f4 Qxb8 41. Qxe4 Qb3+ 42. Nf3 Rd6 43. Qf5 Rf6 44. Qe4 Re6 45. Qf5 Kg8 46. h4 Qe3 47. h5 Nxf4 48. Qxf4 0-1

[Event "Santa Eugenia op 10th"]
[Site "Santa Eugenia"]
[Date "2015.??.??"]
[Round "3"]
[White "Tardio Gemar, Francesc I"]
[Black "Barea Garcia, Lluis"]
[Result "0-1"]
[WhiteElo "1727"]
[BlackElo "1841"]
[PlyCount "77"]
[EventDate "2015.04.17"]
[EventType "swiss"]
[EventRounds "9"]
[EventCountry "ESP"]
[SourceTitle "EXT 2016"]
[Source "ChessBase"]
[SourceDate "2015.10.08"]
[SourceVersion "1"]
[SourceVersionDate "2015.10.08"]
[SourceQuality "1"]

1. e4 e6 2. d4 d5 3. Nc3 dxe4 4. Nxe4 Nd7 5. Nf3 Ngf6 6. Bg5 Be7 7. Bxf6 Nxf6 8. Bd3 0-0 9. 0-0 Nd5 10. Qd2 c6 11. c3 f5 12. Neg5 h6 13. Nh3 Bf6 14. Kh1 Bd7 15. Rfe1 Qc7 16. g3 Rae8 17. Re2 e5 18. dxe5 Bxe5 19. Bc4 Kh8 20. Bxd5 cxd5 21. Nxe5 Rxe5 22. Nf4 Rxe2 23. Qxe2 Re8 24. Qd2 Bc6 25. h4 d4+ 26. Kh2 dxc3 27. Qxc3 Qd6 28. Nh5 Re7 29. Re1 Kh7 30. Rxe7 Qxe7 31. Qd4 Qf7 32. Nf4 Qxa2 33. h5 Qb1 34. f3 Bxf3 35. Ng2 Qc2 36. Qg1 Qxb2 37. Kh3 Qxg2+ 38. Qxg2 Bxg2+ 39. Kxg2 0-1